000
00249nam a22000857a 4500
008
161124b xxu||||| |||| 00| 0 eng d
100
_9
1391
_a
CBSE
245
_a
Sample question papers - 2008 languages - 2008
260
_a
New delhi
_b
National book trust
_c
2007
999
_c
4107
_d
4107